[Event "NRW Class2 1415"]
[Site "Germany"]
[Date "2015.03.01"]
[Round "7.7"]
[White "Lamek, Dirk"]
[Black "Krueger, Tim"]
[Result "1/2-1/2"]
[WhiteElo "1923"]
[BlackElo "2036"]
[PlyCount "65"]
[EventDate "2014.09.14"]
[EventType "team-tourn"]
[EventRounds "9"]
[EventCountry "GER"]
[SourceTitle "EXT 2017"]
[Source "ChessBase"]
[SourceDate "2016.10.25"]
[SourceVersion "1"]
[SourceVersionDate "2016.10.25"]
[SourceQuality "1"]
[WhiteTeam "Iserlohn Koenigsspringer"]
[BlackTeam "Guetersloh"]
[WhiteTeamCountry "GER"]
[BlackTeamCountry "GER"]

1. e4 c5 2. Nc3 Nc6 3. g3 g6 4. Bg2 Bg7 5. d3 d6 6. Nge2 e5 7. 0-0 Nge7 8. f4 0-0 9. Be3 f5 10. Qd2 Nd4 11. fxe5 dxe5 12. Bg5 Be6 13. Nd5 Bxd5 14. exd5 Qd6 15. Bxe7 Qxe7 16. c4 Bh6 17. Qxh6 Nxe2+ 18. Kh1 Nd4 19. Rae1 Rae8 20. a3 a5 21. Qd2 b6 22. Re3 Qd6 23. Ree1 Kg7 24. Rf2 h6 25. Qd1 h5 26. Ref1 Rb8 27. Qd2 Qf6 28. Rc1 g5 29. b4 axb4 30. axb4 g4 31. bxc5 bxc5 32. Qa5 Qd6 33. Qd2 1/2-1/2

[Event "NRW Class1 1314"]
[Site "Germany"]
[Date "2014.03.09"]
[Round "7.8"]
[White "Gruettemeier, Uwe"]
[Black "Lamek, Dirk"]
[Result "1/2-1/2"]
[WhiteElo "2060"]
[BlackElo "1908"]
[PlyCount "74"]
[EventDate "2013.09.15"]
[EventType "team-tourn"]
[EventRounds "9"]
[EventCountry "GER"]
[SourceTitle "EXT 2015"]
[Source "ChessBase"]
[SourceDate "2014.11.20"]
[SourceVersion "1"]
[SourceVersionDate "2014.11.20"]
[SourceQuality "1"]
[WhiteTeam "Bielefeld"]
[BlackTeam "Iserlohn Koenigsspringer"]
[WhiteTeamCountry "GER"]
[BlackTeamCountry "GER"]

1. d4 Nf6 2. Nf3 d5 3. c4 e6 4. Bg5 Bb4+ 5. Nc3 c6 6. Qc2 Bxc3+ 7. bxc3 h6 8. Bxf6 Qxf6 9. e3 Nd7 10. Bd3 0-0 11. 0-0 dxc4 12. Bxc4 e5 13. Rad1 exd4 14. cxd4 Nb6 15. Be2 Bg4 16. Ne5 Bxe2 17. Qxe2 Rad8 18. Qc2 Qe6 19. Rb1 Rd5 20. Nd3 Qe4 21. Rfc1 Rg5 22. Nf4 Qxc2 23. Rxc2 Ra5 24. Nd3 Re8 25. Kf1 Ra3 26. Nc5 Re7 27. Rb3 Rxb3 28. Nxb3 Nd5 29. Na5 Rxe3 30. Nxb7 Rd3 31. Rxc6 Rxd4 32. Ra6 Rd1+ 33. Ke2 Nc3+ 34. Ke3 Nd5+ 35. Ke2 Nc3+ 36. Ke3 Nd5+ 37. Ke4 Nc3+ 1/2-1/2

[Event "Werther Schloss op-B 13rd"]
[Site "Werther"]
[Date "2007.04.01"]
[Round "5"]
[White "Diele, Ralf"]
[Black "Lamek, Dirk"]
[Result "1/2-1/2"]
[WhiteElo "1959"]
[BlackElo "1886"]
[PlyCount "106"]
[EventDate "2007.03.30"]
[EventType "swiss"]
[EventRounds "5"]
[EventCountry "GER"]
[SourceTitle "EXT 2008"]
[Source "ChessBase"]
[SourceDate "2007.11.25"]
[SourceVersion "1"]
[SourceVersionDate "2007.11.25"]
[SourceQuality "1"]

1. Nf3 c5 2. g3 g6 3. Bg2 Bg7 4. 0-0 Nc6 5. c4 e6 6. Nc3 Nge7 7. e3 d6 8. d4 0-0 9. dxc5 dxc5 10. Bd2 a6 11. Rb1 Rb8 12. a3 b5 13. cxb5 axb5 14. Qc2 Qb6 15. Ne4 c4 16. b3 f5 17. Nc3 Qa6 18. bxc4 bxc4 19. Rxb8 Nxb8 20. Rb1 Nd7 21. Na4 Bb7 22. Bb4 Rf7 23. Ng5 Bxg2 24. Kxg2 Ne5 25. Nxf7 Kxf7 26. Nc5 Qc6+ 27. e4 g5 28. f3 g4 29. f4 Nd3 30. Qxc4 fxe4 31. Qxe4 Nd5 32. Qxe6+ Qxe6 33. Nxe6 Kxe6 34. Bd2 h5 35. h3 Bd4 36. Rb3 Nc5 37. Rb8 Kf5 38. hxg4+ hxg4 39. Rg8 Nf6 40. Rg5+ Ke4 41. Bb4 Ne6 42. Rb5 Nc7 43. Rb7 Ncd5 44. Bd6 Ne3+ 45. Kh1 Nh5 46. f5 Nxf5 47. Bb8 Nf6 48. a4 Kf3 49. Rb3+ Ne3 50. a5 Ne4 51. a6 Nxg3+ 52. Bxg3 Kxg3 53. Rb7 Nf5 1/2-1/2